Natural Resources and Biodiversity Program & Australian National Insect Collection. (Registro nro. 20573)
[ vista simple ]
| 000 -CABECERA | |
|---|---|
| Campo de control | 00893nam a22002417a 4500 |
| 005 - FECHA Y HORA DE LA ULTIMA TRANSACCION | |
| Campo de control | 20191108053136.0 |
| 008 - ELEMENTOS DE LONGITUD FIJA—INFORMACION GENERAL | |
| Campo de control | 191108b xxu||||| |||| 00| 0 spa d |
| 020 ## - ISBN | |
| ISBN | 064305944X |
| 040 ## - FUENTE DE CATALOGACIÓN | |
| Agencia catalogadora original | CO-BoIAVH |
| Agencia transcriptora | CO-BoIAVH |
| 041 ## - IDIOMA | |
| Código de idioma para texto/pista de sonido o título separado | Inglés |
| 044 ## - PAÍS DE PUBLICACIÓN | |
| País de publicación | Australia |
| 082 ## - NUMERO DE CLASIFICACION DECIMAL DEWEY | |
| Número de clasificación | 595.71782 |
| Número del ítem | C89n |
| 110 ## - ASIENTO PRINCIPAL--NOMBRE CORPORATIVO | |
| 9 (RLIN) | 101944 |
| Nombre corporativo o de jurisdicción como elemento de entrada | CSIRO División of Entomology, |
| 245 ## - MENCION DE TITULO | |
| Título | Natural Resources and Biodiversity Program & Australian National Insect Collection. |
| Parte restante del título | Report of Reseach July 1993 - June 1995. |
| 260 ## - PUBLICACION, DISTRIBUCION, ETC. (PIE DE IMPRENTA) | |
| Lugar de publicación, distribución, etc. | Black Mountain, Canberra: |
| Nombre del editor, distribuidor, etc. | CSIRO Publishing - Collinwood, |
| Fecha de publicación, distribución, etc. | 1996. |
| 300 ## - DESCRIPCION FISICA | |
| Extensión | 48 Páginas: |
| Otros detalles físicos | fotografías, |
| Dimensiones | 30 x 21 cm. |
| 650 #0 - ASIENTO SECUNDARIO DE MATERIA - TERMINO TEMATICO | |
| 9 (RLIN) | 101945 |
| Término temático o nombre geográfico como elemento de entrada | Biodiversidad |
| Subdivisión geográfica | Australia |
| 650 #0 - ASIENTO SECUNDARIO DE MATERIA - TERMINO TEMATICO | |
| 9 (RLIN) | 97214 |
| Término temático o nombre geográfico como elemento de entrada | Ecología de insectos |
| 650 #0 - ASIENTO SECUNDARIO DE MATERIA - TERMINO TEMATICO | |
| 9 (RLIN) | 3588 |
| Término temático o nombre geográfico como elemento de entrada | Taxonomía |
| 650 #0 - ASIENTO SECUNDARIO DE MATERIA - TERMINO TEMATICO | |
| 9 (RLIN) | 46756 |
| Término temático o nombre geográfico como elemento de entrada | Conservacón de los recursos naturales |
| 651 #0 - ASIENTO SECUNDARIO DE MATERIA - NOMBRE GEOGRAFICO | |
| 9 (RLIN) | 101946 |
| Nombre geográfico | Colección Nacional de Insectos |
| Subdivisión geográfica | Australia |
| 942 ## - ELEMENTOS ADICIONALES (KOHA) | |
| Sistema de clasificación | Dewey Decimal Classification |
| Tipo de ítem | Libro |
| Withdrawn status | Lost status | Sistema de Clasificación | Damaged status | No para préstamo | Colección | Ubicación Permanente | Ubicación actual | Fecha de adquisición | Total Checkouts | Número topográfico | Inventario / Código de Barras | Date last seen | Ejemplar | Price effective from | Forma de adquisición | Tipo de material |
|---|---|---|---|---|---|---|---|---|---|---|---|---|---|---|---|---|
| Dewey Decimal Classification | General | Bogotá | Bogotá | 08/11/2019 | LB-595.71782 C89n | 043768 | 08/11/2019 | Ej.1 | 08/11/2019 | Canje | Libro |